|
|
|
|
| LEADER |
00000nab a2200000 ar4500 |
| 001 |
vtls010489042 |
| 003 |
SK-MaSNL |
| 005 |
20260303212035.0 |
| 008 |
180907c2012 xo wr|p|||||||000 b|slo |
| 038 |
|
|
|a PPPK
|
| 040 |
|
|
|a PPPKCL
|b slo
|c PPPKCL
|e AACR2
|
| 041 |
0 |
|
|a slo
|
| 044 |
|
|
|a xo
|c SK
|
| 080 |
|
|
|a 630.1
|x (234.372.4)
|2 2001
|
| 080 |
|
|
|a 630.4
|2 2001
|
| 080 |
|
|
|a 502.21
|2 2001
|
| 245 |
0 |
0 |
|a Jahnátek: Vyhrali zelení, prehral rozum a les
|c [text a foto] (mna)
|
| 300 |
|
|
|b Fotogr.
|
| 600 |
1 |
7 |
|a Jahnátek, Ľubomír,
|d 1954-
|2 pppkcl
|9 213699
|
| 610 |
1 |
7 |
|a Slovensko.
|b Ministerstvo pôdohospodárstva
|2 pppkcl
|9 115174
|
| 610 |
2 |
7 |
|a Štátne lesy Tatranského národného parku (Slovensko)
|2 pppkcl
|
| 610 |
2 |
7 |
|a Správa Tatranského národného parku (Tatranská Štrba, Slovensko)
|2 pppkcl
|9 167992
|
| 650 |
0 |
7 |
|a lesy
|2 pppkcl
|9 1437
|
| 650 |
0 |
7 |
|a poškodenie lesa
|2 pppkcl
|9 59129
|
| 650 |
0 |
7 |
|a prírodné rezervácie
|2 pppkcl
|9 3809
|
| 650 |
0 |
7 |
|a lykožrút smrekový
|2 pppkcl
|9 20877
|
| 651 |
|
7 |
|a Vysoké Tatry (Poľsko a Slovensko : pohorie)
|2 SNKPHgeo
|9 67729
|
| 651 |
|
7 |
|a Tatranský národný park (Slovensko)
|2 pppkcl
|9 106968
|
| 773 |
0 |
|
|t Podtatranské noviny
|g Roč. LIII, č. 29 (2012), s. 1
|x 1210-2423
|
| 852 |
|
|
|a PPPK
|b KIS3GCP
|
| 999 |
|
|
|c 2205259
|d 2207189
|